Word power made easy: (Record no. 15032)

000 -LEADER
fixed length control field 00599nam a2200193 a 4500
001 - CONTROL NUMBER
control field :::00012870$&:&@@
003 - CONTROL NUMBER IDENTIFIER
control field OkBaRHE
005 - DATE AND TIME OF LATEST TRANSACTION
control field 20000607103423.0
008 - FIXED-LENGTH DATA ELEMENTS--GENERAL INFORMATION
fixed length control field s1949 j 000 0 eng u
040 ## - CATALOGING SOURCE
Transcribing agency
100 1# - MAIN ENTRY--PERSONAL NAME
Personal name Lewis, Norman, 1912-
245 10 - TITLE STATEMENT
Title Word power made easy:
Remainder of title the complete three-week vocabulary builder.
250 ## - EDITION STATEMENT
Edition statement [1st ed.]
260 ## - PUBLICATION, DISTRIBUTION, ETC. (IMPRINT)
Place of publication, distribution, etc Garden City, NY., :
Name of publisher, distributor, etc Doubleday
Date of publication, distribution, etc 1949
300 ## - PHYSICAL DESCRIPTION
Extent xiv, 528 p. ;
Dimensions 22 cm.
650 ## - SUBJECT ADDED ENTRY--TOPICAL TERM
Topical term or geographic name as entry element Vocabulary
942 ## - ADDED ENTRY ELEMENTS (KOHA)
Source of classification or shelving scheme
Koha item type Books
Copies
Source of classification or shelving scheme Lost status Permanent Location Barcode Withdrawn status Date acquired Shelving location Full call number Damaged status Price effective from Not for loan Copy number Koha item type Date last seen
  RHEMA Bible Training College12870 2010-04-14General StacksPE 1449 .L46 2010-04-14 1Books2010-04-14